کتا ب ا لنبض (Record no. 139043)

MARC details
000 -LEADER
fixed length control field 01286nam a22002657a 4500
005 - DATE AND TIME OF LATEST TRANSACTION
control field 20170419111509.0
008 - FIXED-LENGTH DATA ELEMENTS--GENERAL INFORMATION
fixed length control field 140714b xxu||||| |||| 00| 0 Urdu d
010 ## - LCCN (DPL NO)
LC control number B-665988
020 ## - INTERNATIONAL STANDARD BOOK NUMBER
Terms of availability 80.00
035 ## - SYSTEM CONTROL NUMBER
System control number B-665988
037 ## - SOURCE OF ACQUISITION
Source of stock number/acquisition BPPD/Publishers/Venders
037 ## - SOURCE OF ACQUISITION
Source of stock number/acquisition K.K.Publications(Vend.)/Idara Kitab-ul-Shifa(Pub.)
040 ## - CATALOGING SOURCE
Original cataloging agency DPL
Language of cataloging Urdu
082 ## - DEWEY DECIMAL CLASSIFICATION NUMBER
Classification number 615.53
100 ## - MAIN ENTRY--PERSONAL NAME
Personal name حکيم شيخ الر ءيسبو علی سينا
245 ## - TITLE STATEMENT
Title کتا ب ا لنبض
Statement of responsibility, etc حکيم شيخ الر ءيسبو علی سينا
246 ## - VARYING FORM OF TITLE
Title proper/short title Kitab Al nabz
Remainder of title Hakeem Sheikh Al Rais Bu Ali Sena
260 ## - PUBLICATION, DISTRIBUTION, ETC. (IMPRINT)
Name of publisher, distributor, etc Idara Kitab-us-Shifa
-- K.K.P.( Vender)
Date of publication, distribution, etc 2012
260 ## - PUBLICATION, DISTRIBUTION, ETC. (IMPRINT)
Place of publication, distribution, etc 4806/24,Bharat Ram Road,Dariya Gunj,New Delhi-2
270 ## - ADDRESS
Address 2075-مسجد مز ا ر و ا لی کو چہ چیلا ن د ر يا گنج
City نئ دھلی
Postal code 110002
Telephone number 011-23283494،9312273887
300 ## - PHYSICAL DESCRIPTION
Extent 128ص
Dimensions 22Cm (Hb)
942 ## - ADDED ENTRY ELEMENTS (KOHA)
Source of classification or shelving scheme Dewey Decimal Classification
Item type Urdu Bks
Call number suffix ش ے خ
Classification part 615.53
Holdings
Withdrawn status Lost status Source of classification or shelving scheme Damaged status Not for loan Collection code Home library Current library Date acquired Source of acquisition Cost, normal purchase price Total Checkouts Full call number Barcode Date last seen Copy number Cost, replacement price Koha item type
    Dewey Decimal Classification     Non-fiction Ashok Vihar Ashok Vihar 19/04/2017 BPPD/UR/2014-15/AV/16-17/658/KKP/936/7.3.17/8.3.17 80.00   615.53 ش ے خ B-665988 19/04/2017 1 80.00 Urdu Bks

© Delhi Public Library
Hit Counter
free hit counter